| 000 | 01059 aa a2200241 4500 | ||
|---|---|---|---|
| 005 | 20120608115559.0 | ||
| 008 | 080912t xxu||||| |||| 00| 0 hin d | ||
| 010 | _a | ||
| 020 |
_c75.00 _a8186920145 |
||
| 035 | _aB-50012 | ||
| 037 | _bD.B.Act / pub | ||
| 082 | _a613 | ||
| 100 |
_aनिरूपम, सीमा _948698 |
||
| 245 |
_aस्वस्थ जीवन / _cसीमा निरूपम |
||
| 246 |
_aSwasth jeevan _bby Seema Nirupam |
||
| 260 |
_aदिल्ली _bशांति पुस्तक मंदिर _c2001 |
||
| 270 |
_a71,ब्लाक-के, लाल क्वार्टर,कृष्ण नगर _bदिल्ली _e110051 |
||
| 300 |
_a80पृ _c22 सेमी (सजिल्द) |
||
| 490 |
_a(जीवन शैली) _948699 |
||
| 650 |
_aHealth Education _948700 |
||
| 942 |
_adpl _cHN _k613 / निरूप _2ddc _h613 _mनिरूप |
||
| 999 |
_c67692 _d67692 |
||